Detalles MARC
| 000 -CABECERA |
| campo de control de longitud fija |
01313aam a2200349 a 4500 |
| 001 - NÚMERO DE CONTROL |
| campo de control |
001361165 |
| 003 - IDENTIFICADOR DEL NÚMERO DE CONTROL |
| campo de control |
AR-RoIUNI |
| 005 - FECHA Y HORA DE LA ÚLTIMA TRANSACCIÓN |
| campo de control |
20210428114804.0 |
| 007 - CAMPO FIJO DE DESCRIPCIÓN FÍSICA--INFORMACIÓN GENERAL |
| campo de control de longitud fija |
ta |
| 008 - DATOS DE LONGITUD FIJA--INFORMACIÓN GENERAL |
| campo de control de longitud fija |
160712s1999 ag acfogr 0 1 0 spa |
| 015 ## - NÚMERO DE BIBLIOGRAFÍA NACIONAL |
| Número de bibliografía nacional |
AR-1999 |
| 020 ## - NÚMERO INTERNACIONAL ESTÁNDAR DEL LIBRO |
| Número Internacional Estándar del Libro |
9874310588 |
| 040 ## - FUENTE DE LA CATALOGACIÓN |
| Centro catalogador/agencia de origen |
AR-BaBN |
| Centro/agencia transcriptor |
AR-RoIUNI |
| 044 ## - CÓDIGO DEL PAÍS DE LA ENTIDAD EDITORA/PRODUCTORA |
| Código MARC del país |
ag |
| Código ISO del país |
ar-e |
| 080 1# - NÚMERO DE LA CLASIFICACIÓN DECIMAL UNIVERSAL |
| Número de la Clasificación Decimal Universal |
615.32:582.4 MOT |
| Identificador de la edición |
2004 |
| 100 1# - ENTRADA PRINCIPAL--NOMBRE DE PERSONA |
| Nombre de persona |
Motura, Giraldo Néstor |
| 245 10 - MENCIÓN DE TÍTULO |
| Título |
Aprende a curarte con flores y homeopatía : |
| Resto del título |
para lograr y mantener la salud, el vigor, la belleza, armonía y alegría de vivir con remedios naturales, efectivos e inofensivos, a través de prácticas enseñanzas de un médico / |
| Mención de responsabilidad, etc. |
[Giraldo Néstor Motura]. |
| 250 ## - MENCIÓN DE EDICIÓN |
| Mención de edición |
7a. ed. |
| 260 ## - PUBLICACIÓN, DISTRIBUCIÓN, ETC. (PIE DE IMPRENTA) |
| Lugar de publicación, distribución, etc. |
Paraná : |
| Nombre del editor, distribuidor, etc. |
[El autor], |
| Fecha de publicación, distribución, etc. |
1999. |
| 300 ## - DESCRIPCIÓN FÍSICA |
| Extensión |
350 p., [16] p. de láms. : |
| Otras características físicas |
il., fot., retrs. ; |
| Dimensiones |
22 cm. |
| 650 #4 - PUNTO DE ACCESO ADICIONAL DE MATERIA--TÉRMINO DE MATERIA |
| Término de materia o nombre geográfico como elemento inicial |
Homeopatía |
| 650 #4 - PUNTO DE ACCESO ADICIONAL DE MATERIA--TÉRMINO DE MATERIA |
| Término de materia o nombre geográfico como elemento inicial |
Flores de Bach |
| 930 #1 - EQUIVALENCIA O REFERENCIA CRUZADA-ENCABEZAMIENTO DE TÍTULO UNIFORME [LOCAL, CANADÁ] |
| Lenguaje de la obra |
BNA01 |
| Medio de interpretación para música |
LIBRO |
| Enlace |
01036904 |
| Enlace entre campo y número de secuencia |
20161117 |
| Fecha de publicación/de la obra |
11 |
| Versión |
02 |
| Número de parte o sección de la obra |
001 |
| 930 #1 - EQUIVALENCIA O REFERENCIA CRUZADA-ENCABEZAMIENTO DE TÍTULO UNIFORME [LOCAL, CANADÁ] |
| Lenguaje de la obra |
BNA01 |
| Medio de interpretación para música |
LIBRO |
| Enlace |
01017903 |
| Enlace entre campo y número de secuencia |
20160712 |
| Fecha de publicación/de la obra |
11 |
| Versión |
02 |
| Número de parte o sección de la obra |
001 |
| 942 ## - ELEMENTOS DE PUNTO DE ACCESO ADICIONAL (KOHA) |
| Fuente del sistema de clasificación o colocación |
Clasificación Decimal Universal |
| Tipo de ítem Koha |
Libros |
| 956 ## - LOCALIZACIÓN Y ACCESO ELECTRÓNICOS LOCAL (OCLC) |
| Nombre del host |
ECHEVERRIA |
| Número de acceso |
20 |
| Información sobre la compresión |
20160712 |
| Proceso de conexión (Logon) |
BNA01 |
| Procesador de la petición |
1233 |
| 956 ## - LOCALIZACIÓN Y ACCESO ELECTRÓNICOS LOCAL (OCLC) |
| Nombre del host |
LCUCURELL |
| Número de acceso |
20 |
| Información sobre la compresión |
20160908 |
| Proceso de conexión (Logon) |
BNA01 |
| Procesador de la petición |
1536 |
| 956 ## - LOCALIZACIÓN Y ACCESO ELECTRÓNICOS LOCAL (OCLC) |
| Nombre del host |
CBEATI |
| Número de acceso |
30 |
| Información sobre la compresión |
20161117 |
| Proceso de conexión (Logon) |
BNA01 |
| Procesador de la petición |
1516 |
| 956 ## - LOCALIZACIÓN Y ACCESO ELECTRÓNICOS LOCAL (OCLC) |
| Nombre del host |
CBEATI |
| Número de acceso |
20 |
| Información sobre la compresión |
20161117 |
| Proceso de conexión (Logon) |
BNA01 |
| Procesador de la petición |
1517 |
| 956 ## - LOCALIZACIÓN Y ACCESO ELECTRÓNICOS LOCAL (OCLC) |
| Nombre del host |
JSARAVIA |
| Número de acceso |
20 |
| Información sobre la compresión |
20161117 |
| Proceso de conexión (Logon) |
BNA01 |
| Procesador de la petición |
1518 |
| 956 ## - LOCALIZACIÓN Y ACCESO ELECTRÓNICOS LOCAL (OCLC) |
| Nombre del host |
FORTIZ |
| Número de acceso |
20 |
| Información sobre la compresión |
20161118 |
| Proceso de conexión (Logon) |
BNA01 |
| Procesador de la petición |
1015 |